000 00294nam a22001337a 4500
008 170204b xxu||||| |||| 00| 0 eng d
020 _a9780801678356
041 _aeng
080 _a61
100 _a3
101 _aSHM
245 _aPROGRAMMED MEDICAL LANGUAGE
_cBROOKS, M.L
942 _2udc
_cBK
999 _c4679
_d4679